Toutes les communes de la Marne sur une carte - Statistiques

Statistiques générales
  • Ce quiz a été pris 579 fois
    296 depuis la dernière actualisation
  • Le résultat moyen est 96 sur 610
Réponses sur la Carte
Les réponses sont colorées sur une échelle allant du rouge au vert en fonction du pourcentage des utilisateurs qui les ont devinées à leur premier essai. Vous pouvez retrouver ces pourcentages ci-dessous.
 
Statistiques - réponses
Initiale Réponse Population (2021) % Correct
R Reims 179 380
98%
R Reims-la-Brûlée 219
98%
C Châlons-en-Champagne 43 877
95%
C Châlons-sur-Vesle 198
95%
É Épernay 22 001
87%
V Vitry-en-Perthois 838
69%
V Vitry-la-Ville 378
69%
V Vitry-le-François 11 454
69%
C Cormontreuil 6 456
66%
T Tinqueux 10 552
63%
(La) V La Ville-sous-Orbais 40
60%
M Mont-sur-Courville 115
60%
S Sézanne 4 783
60%
V Ville-Dommange 404
59%
V Ville-en-Selve 291
59%
V Ville-en-Tardenois 650
59%
V Ville-sur-Tourbe 212
59%
A Aÿ-Champagne 5 197
58%
W Witry-lès-Reims 4 940
57%
Ste Sainte-Menehould 4 166
55%
M Mourmelon-le-Grand 5 074
52%
M Mourmelon-le-Petit 808
52%
B Bezannes 4 011
51%
Sᵗ Saint-Martin-aux-Champs 110
51%
Sᵗ Saint-Martin-d’Ablois 1 374
51%
Sᵗ Saint-Martin-l’Heureux 83
51%
Sᵗ Saint-Martin-sur-le-Pré 798
51%
B Bétheny 7 086
50%
F Fismes 5 803
50%
D Dormans 2 911
47%
V Val de Livre 598
46%
V Val-des-Marais 572
46%
V Val-de-Vesle 966
46%
V Val-de-Vière 130
46%
C Cernay-en-Dormois 134
45%
C Cernay-lès-Reims 1 508
45%
S Suippes 3 890
44%
(La) N La Neuville-au-Temple 574
42%
V Villers-Allerand 935
42%
V Villers-aux-Bois 330
42%
V Villers-aux-Nœuds 297
42%
V Villers-en-Argonne 222
42%
V Villers-Franqueux 300
42%
V Villers-le-Château 295
42%
V Villers-le-Sec 108
42%
V Villers-Marmery 558
42%
B Bazancourt 2 388
40%
M Montmirail 3 557
40%
S Somme-Bionne 69
40%
S Somme-Suippe 507
40%
S Somme-Tourbe 139
40%
S Somme-Vesle 349
40%
S Somme-Yèvre 117
40%
T Thil 312
40%
V Verzy 955
40%
Sᵗ Saint-Étienne-au-Temple 803
38%
Sᵗ Saint-Étienne-sur-Suippe 342
38%
T Thillois 511
38%
T Taissy 2 187
37%
B Bourgogne-Fresne 1 442
35%
E Esternay 1 808
35%
F Fère-Champenoise 2 170
35%
G Gueux 1 871
35%
Sᵗ Saint-Brice-Courcelles 3 526
35%
Sᵗ Saint-Memmie 5 434
35%
V Verzenay 1 015
35%
F Fagnières 4 877
34%
Ste Sainte-Marie-à-Py 195
34%
Ste Sainte-Marie-du-Lac-Nuisement 273
34%
Sᵗ Saint-Pierre 306
34%
V Vatry 150
34%
W Warmeriville 2 669
33%
A Avize 1 760
32%
(La) N La Neuville-au-Pont 516
32%
(La) N La Neuville-aux-Bois 137
32%
(La) N La Neuville-aux-Larris 189
32%
Sᵗ Saint-Jean-devant-Possesse 30
32%
Sᵗ Saint-Jean-sur-Moivre 198
32%
Sᵗ Saint-Jean-sur-Tourbe 87
32%
C Champfleury 586
31%
M Muizon 2 086
31%
T Trois-Fontaines-l’Abbaye 193
31%
V Vert-Toulon 289
31%
R Rilly-la-Montagne 1 014
30%
S Sillery 1 836
30%
T Trois-Puits 152
30%
D Dizy 1 489
29%
J Jonchery-sur-Suippe 234
29%
J Jonchery-sur-Vesle 1 831
29%
Sᵗ Saint-Hilaire-le-Grand 368
29%
Sᵗ Saint-Hilaire-le-Petit 350
29%
Sᵗ Saint-Remy-en-Bouzemont-Saint-Genest-et-Isson 491
29%
Sᵗ Saint-Remy-sous-Broyes 110
29%
Sᵗ Saint-Remy-sur-Bussy 334
29%
C Châtillon-sur-Broué 81
28%
C Châtillon-sur-Marne 618
28%
C Châtillon-sur-Morin 213
28%
G Giffaumont-Champaubert 284
28%
(Les) P Les Petites-Loges 487
28%
M Mareuil-en-Brie 290
28%
M Mareuil-le-Port 1 151
28%
C Courtisols 2 353
27%
L'(É) L’Épine 666
27%
M Mailly-Champagne 622
27%
M Montmort-Lucy 637
27%
A Ambonnay 958
26%
D Dommartin-Dampierre 73
26%
G Gigny-Bussy 233
26%
(La) V La Veuve 601
26%
(Les) G Les Grandes-Loges 282
26%
N Nogent-l’Abbesse 535
26%
P Prunay 1 027
26%
S Sacy 371
26%
Sᵗ Saint-Léonard 105
26%
Sᵗ Saint-Thierry 602
26%
B Bussy-le-Château 179
25%
B Bussy-le-Repos 136
25%
B Bussy-Lettrée 320
25%
C Champigny 1 586
25%
(La) C La Caure 103
25%
P Pierry 1 237
25%
P Pontfaverger-Moronvilliers 1 740
25%
S Sommesous 478
25%
V Valmy 261
25%
C Condé-sur-Marne 747
24%
G Germaine 531
24%
J Jâlons 550
24%
M Magenta 1 693
24%
O Oiry 888
24%
P Pargny-lès-Reims 485
24%
P Pargny-sur-Saulx 1 714
24%
S Sept-Saulx 686
24%
T Tours-sur-Marne 1 383
24%
B Berru 609
23%
B Bouzy 839
23%
C Courcy 1 247
23%
H Hautvillers 649
23%
H Hermonville 1 398
23%
R Recy 1 060
23%
A Anglure 797
22%
A Athis 892
22%
A Avenay-Val-d’Or 984
22%
B Beine-Nauroy 990
22%
B Blancs-Coteaux 3 182
22%
D Damery 1 335
22%
I Isle-sur-Marne 93
22%
L Lavannes 563
22%
(La) V La Villeneuve-lès-Charleville 120
22%
(Les) M Les Mesneux 934
22%
L Livry-Louvercy 1 092
22%
S Sarry 2 011
22%
B Bétheniville 1 280
20%
B Boult-sur-Suippe 1 787
20%
C Champaubert 122
20%
C Connantre 1 017
20%
C Coole 151
20%
C Coolus 225
20%
C Cormicy 1 509
20%
(La) C La Chaussée-sur-Marne 770
20%
(Le) M Le Mesnil-sur-Oger 1 007
20%
(Le) V Le Vieil-Dampierre 110
20%
L Ludes 685
20%
M Matougues 628
20%
O Ormes 499
20%
P Pogny 917
20%
Sᵗ Saint-Germain-la-Ville 687
20%
V Villeneuve-la-Lionne 278
20%
V Villeneuve-Renneville-Chevigny 325
20%
V Villeneuve-Saint-Vistre-et-Villevotte 121
20%
A Angluzelles-et-Courcelles 142
19%
C Chigny-les-Roses 530
19%
D Dampierre-le-Château 116
19%
D Dampierre-sur-Moivre 113
19%
É Écury-le-Repos 60
19%
É Écury-sur-Coole 480
19%
É Étoges 441
19%
G Givry-en-Argonne 454
19%
G Givry-lès-Loisy 72
19%
L Loivre 1 409
19%
J Juvigny 938
18%
Sᵗ Saint-Gibrien 543
18%
S Sommepy-Tahure 651
18%
A Arzillières-Neuville 327
17%
A Auménancourt 1 106
17%
B Beaumont-sur-Vesle 776
17%
B Bergères-lès-Vertus 582
17%
B Bergères-sous-Montmirail 139
17%
C Champillon 507
17%
C Charleville 255
17%
C Chouilly 1 049
17%
C Compertrix 1 329
17%
F Fontaine-Denis-Nuisy 232
17%
F Fontaine-en-Dormois 13
17%
F Fontaine-sur-Ay 323
17%
I Isles-sur-Suippe 963
17%
L Loisy-en-Brie 174
17%
L Loisy-sur-Marne 1 119
17%
M Mardeuil 1 469
17%
M Marson 278
17%
Sᵗ Saint-Amand-sur-Fion 1 023
17%
T Trécon 92
17%
A Aulnay-l’Aître 184
16%
A Aulnay-sur-Marne 273
16%
C Caurel 695
16%
C Courcelles-Sapicourt 402
16%
C Cramant 872
16%
D Dommartin-Lettrée 160
16%
D Dommartin-sous-Hans 50
16%
D Dommartin-Varimont 137
16%
É Époye 415
16%
F Frignicourt 1 769
16%
(La) C La Cheppe 323
16%
(Le) F Le Fresne 75
16%
N Nuisement-sur-Coole 386
16%
P Pomacle 508
16%
Sᵗ Saint-Quentin-les-Marais 119
16%
Sᵗ Saint-Quentin-le-Verger 114
16%
Sᵗ Saint-Quentin-sur-Coole 101
16%
T Trépail 443
16%
A Aubérive 254
15%
B Brimont 453
15%
C Chamery 447
15%
M Marolles 827
15%
M Moussy 763
15%
A Auve 306
14%
B Baconnes 283
14%
B Billy-le-Grand 129
14%
B Bouy 549
14%
C Cuperly 223
14%
É Écueil 334
14%
(La) C La Chapelle-Felcourt 45
14%
(La) C La Chapelle-Lasson 86
14%
(La) C La Chapelle-sous-Orbais 54
14%
(Le) B Le Breuil 376
14%
M Merfy 598
14%
Œ Œuilly 626
14%
O Orbais-l’Abbaye 541
14%
P Pleurs 827
14%
P Prouilly 549
14%
Sᵗ Saint-Imoges 320
14%
S Sermiers 567
14%
S Serzy-et-Prin 211
14%
T Trigny 589
14%
V Vaudemange 336
14%
V Villiers-aux-Corneilles 110
14%
V Vraux 461
14%
A Aigny 283
13%
B Baslieux-lès-Fismes 344
13%
B Baslieux-sous-Châtillon 178
13%
B Broyes 346
13%
C Cauroy-lès-Hermonville 494
13%
C Champigneul-Champagne 321
13%
C Chepy 449
13%
C Courville 460
13%
C Couvrot 807
13%
C Cumières 745
13%
D Dontrien 258
13%
F Faverolles-et-Coëmy 583
13%
G Gaye 598
13%
H Heutrégiville 490
13%
J Jouy-lès-Reims 214
13%
(La) C La Croix-en-Champagne 84
13%
M Montbré 367
13%
N Nanteuil-la-Forêt 299
13%
P Prosnes 481
13%
R Romain 318
13%
Sᵗ Saint-Masmes 511
13%
S Soudron 296
13%
V Vienne-la-Ville 166
13%
V Vienne-le-Château 515
13%
B Baye 386
12%
C Courlandon 296
12%
(Les) E Les Essarts-lès-Sézanne 236
12%
(Les) E Les Essarts-le-Vicomte 136
12%
M Maisons-en-Champagne 543
12%
O Omey 200
12%
Sᵗ Saint-Just-Sauvage 1 396
12%
S Selles 437
12%
V Vanault-le-Châtel 168
12%
V Vanault-les-Dames 370
12%
V Vinay 541
12%
A Allemant 176
11%
B Barbonne-Fayel 490
11%
C Chaintrix-Bierges 342
11%
C Chaumuzy 362
11%
C Connantray-Vaurefroy 143
11%
C Cuis 369
11%
I Igny-Comblizy 441
11%
M Mairy-sur-Marne 564
11%
M Montigny-sur-Vesle 506
11%
P Passy-Grigny 373
11%
P Plivot 746
11%
P Pocancy 179
11%
P Puisieulx 439
11%
S Sarcy 268
11%
T Thibie 292
11%
V Vrigny 246
11%
A Arcis-le-Ponsart 287
10%
B Bethon 235
10%
B Bouilly 229
10%
B Boursault 421
10%
B Breuil-sur-Vesle 328
10%
B Brugny-Vaudancourt 440
10%
C Chavot-Courcourt 334
10%
C Chenay 224
10%
F Fleury-la-Rivière 519
10%
G Grauves 617
10%
L Lachy 339
10%
(La) N La Noue 393
10%
L Lenharrée 104
10%
M Mœurs-Verdey 315
10%
M Moivre 57
10%
M Moncetz-l’Abbaye 88
10%
M Moncetz-Longevas 555
10%
P Pévy 217
10%
R Rosnay 382
10%
Sᵗ Saint-Gilles 268
10%
Sᵗ Saint-Ouen-Domprot 202
10%
S Sermaize-les-Bains 1 761
10%
S Sogny-aux-Moulins 111
10%
S Sogny-en-l’Angle 80
10%
S Soizy-aux-Bois 191
10%
S Sompuis 266
10%
T Togny-aux-Bœufs 138
10%
U Unchair 186
10%
V Vadenay 234
10%
V Venteuil 504
10%
V Verneuil 842
10%
V Vésigneul-sur-Marne 232
10%
B Branscourt 323
9%
C Conflans-sur-Seine 641
9%
C Coulommes-la-Montagne 206
9%
F Faux-Fresnay 317
9%
F Faux-Vésigneul 241
9%
H Huiron 303
9%
(Le) G Le Gault-Soigny 503
9%
(Le) M Le Meix-Saint-Epoing 303
9%
(Le) M Le Meix-Tiercelin 166
9%
M Marfaux 107
9%
P Pourcy 195
9%
T Treslon 261
9%
A Ablancourt 165
8%
B Bagneux 413
8%
B Bannes 244
8%
B Berméricourt 255
8%
B Boissy-le-Repos 229
8%
B Broussy-le-Grand 315
8%
B Broussy-le-Petit 134
8%
C Clamanges 220
8%
C Corfélix 110
8%
C Courmas 214
8%
C Crugny 667
8%
C Cuchery 408
8%
F Festigny 389
8%
F Fromentières 377
8%
H Heiltz-le-Hutier 236
8%
H Heiltz-le-Maurupt 437
8%
H Heiltz-l’Évêque 279
8%
I Isse 106
8%
(La) C La Celle-sous-Chantemerle 138
8%
L Laval-sur-Tourbe 51
8%
(Le) B Le Baizil 260
8%
M Magneux 268
8%
M Marcilly-sur-Seine 620
8%
M Margny 128
8%
M Marigny 113
8%
O Orconte 368
8%
P Pierre-Morains 84
8%
P Pouillon 513
8%
Sᵗ Saint-Euphraise-et-Clairizet 244
8%
Sᵗ Saint-Souplet-sur-Py 123
8%
S Souain-Perthes-lès-Hurlus 258
8%
S Soudé 154
8%
T Talus-Saint-Prix 102
8%
T Thiéblemont-Farémont 512
8%
T Tilloy-et-Bellay 233
8%
V Vauchamps 350
8%
V Vaudesincourt 101
8%
V Ventelay 254
8%
V Villeseneux 202
8%
V Villevenard 196
8%
V Vouzy 294
8%
A Arrigny 240
7%
B Bassu 93
7%
B Bassuet 243
7%
B Belval-en-Argonne 44
7%
B Belval-sous-Châtillon 169
7%
B Blacy 618
7%
B Bligny 116
7%
B Bouvancourt 175
7%
B Breuvery-sur-Coole 214
7%
C Cherville 83
7%
C Cormoyeux 127
7%
C Corrobert 210
7%
C Courdemanges 385
7%
C Courgivaux 281
7%
C Courtagnon 72
7%
D Drosnay 204
7%
F Francheville 194
7%
G Germinon 186
7%
G Gourgançon 145
7%
H Hans 130
7%
H Herpont 121
7%
H Hourges 82
7%
L Larzicourt 271
7%
(Le) C Le Chemin 60
7%
M Mancy 238
7%
M Massiges 46
7%
M Mutigny 199
7%
N Neuvy 271
7%
P Possesse 127
7%
Sᵗ Saint-Loup 73
7%
Sᵗ Saint-Lumier-en-Champagne 267
7%
Sᵗ Saint-Lumier-la-Populeuse 41
7%
Sᵗ Saint-Thomas-en-Argonne 38
7%
S Saudoy 390
7%
S Songy 269
7%
S Soulières 141
7%
T Thaas 102
7%
T Tramery 152
7%
V Vandières 298
7%
V Vauciennes 331
7%
V Vindey 108
7%
A Allemanche-Launay-et-Soyer 116
6%
B Bouchy-Saint-Genest 205
6%
B Bouleuse 226
6%
C Clesles 620
6%
C Congy 260
6%
C Corroy 144
6%
É Étréchy 105
6%
J Janvry 136
6%
(La) F La Forestière 205
6%
L Lagery 234
6%
(Le) T Le Thoult-Trosnay 106
6%
L Lhéry 86
6%
M Méry-Prémecy 67
6%
N Nesle-la-Reposte 93
6%
N Nesle-le-Repons 136
6%
P Poix 71
6%
R Romigny 214
6%
Sᵗ Saint-Mard-lès-Rouffy 156
6%
Sᵗ Saint-Mard-sur-Auve 64
6%
Sᵗ Saint-Mard-sur-le-Mont 115
6%
T Troissy 783
6%
V Vandeuil 165
6%
A Anthenay 71
5%
B Bannay 22
5%
B Baudement 99
5%
B Beaunay 103
5%
B Bignicourt-sur-Marne 372
5%
B Bignicourt-sur-Saulx 159
5%
B Braux-Sainte-Cohière 94
5%
B Braux-Saint-Remy 81
5%
C Cernon 127
5%
C Champguyon 286
5%
C Champlat-et-Boujacourt 149
5%
C Chaudefontaine 313
5%
C Cheminon 596
5%
C Chichey 171
5%
C Corbeil 98
5%
C Corribert 63
5%
D Drouilly 143
5%
É Escardes 67
5%
E Esclavolles-Lurey 639
5%
É Étrepy 117
5%
G Germigny 180
5%
G Glannes 186
5%
G Granges-sur-Aube 182
5%
H Haussignémont 302
5%
H Haussimont 138
5%
J Janvilliers 166
5%
(Les) I Les Istres-et-Bury 91
5%
L Linthelles 106
5%
L Linthes 111
5%
M Margerie-Hancourt 175
5%
M Maurupt-le-Montois 557
5%
M Montgenost 156
5%
M Monthelon 346
5%
M Morangis 381
5%
M Morsains 145
5%
M Moslins 285
5%
O Ognes 60
5%
O Olizy 144
5%
O Oyes 107
5%
P Pringy 431
5%
R Réveillon 107
5%
R Rouffy 111
5%
S Savigny-sur-Ardres 262
5%
S Somsois 196
5%
S Soulanges 461
5%
V Vassimont-et-Chapelaine 63
5%
V Vauclerc 494
5%
V Vavray-le-Grand 164
5%
V Vavray-le-Petit 63
5%
V Vélye 225
5%
V Verdon 199
5%
V Verrières 390
5%
V Vincelles 320
5%
A Argers 109
4%
A Aubilly 52
4%
B Blaise-sous-Arzillières 321
4%
B Blesme 200
4%
B Bréban 82
4%
B Brouillet 64
4%
C Chaltrait 58
4%
C Chambrecy 148
4%
C Changy 117
4%
C Chantemerle 49
4%
C Charmont 240
4%
C Châtelraould-Saint-Louvent 247
4%
C Cheniers 115
4%
C Cheppes-la-Prairie 144
4%
C Coizard-Joches 85
4%
C Contault 66
4%
C Coupetz 81
4%
C Coupéville 166
4%
C Courcemain 88
4%
C Courjeonnet 48
4%
C Courthiézy 345
4%
D Dompremy 120
4%
É Épense 121
4%
E Euvy 79
4%
F Fèrebrianges 145
4%
F Flavigny 175
4%
H Hauteville 237
4%
H Humbauville 76
4%
J Joiselle 104
4%
J Jonquery 114
4%
(Les) R Les Rivières-Henruel 160
4%
L Leuvrigny 305
4%
(Le) V Le Vézier 187
4%
L Lisse-en-Champagne 109
4%
M Matignicourt-Goncourt 153
4%
M Minaucourt-le-Mesnil-lès-Hurlus 46
4%
M Mondement-Montgivroux 27
4%
N Noirlieu 109
4%
O Outines 126
4%
P Péas 65
4%
P Poilly 93
4%
P Potangis 118
4%
Q Queudes 83
4%
R Rieux 195
4%
Sᵗ Saint-Bon 97
4%
S Sapignicourt 409
4%
S Saron-sur-Aube 280
4%
S Sivry-Ante 177
4%
S Suizy-le-Franc 106
4%
T Tréfols 178
4%
V Virginy 82
4%
V Vouarces 59
4%
W Wargemoulin-Hurlus 47
4%
A Alliancelles 150
3%
A Ambrières 212
3%
A Aougny 100
3%
B Bettancourt-la-Longue 75
3%
C Chapelaine 54
3%
C Châtrices 36
3%
C Cuisles 122
3%
É Éclaires 90
3%
É Écollemont 61
3%
É Écriennes 167
3%
J Jussecourt-Minecourt 206
3%
L Luxémont-et-Villotte 453
3%
M Marsangis 46
3%
M Mécringes 209
3%
M Montépreux 47
3%
O Outrepont 79
3%
R Rapsécourt 33
3%
R Reuves 61
3%
R Romery 161
3%
Sᵗ Saint-Eulien 420
3%
Sᵗ Saint-Saturnin 48
3%
B Berzieux 73
2%
B Binarville 91
2%
B Brandonvillers 194
2%
B Brusson 184
2%
C Champvoisy 252
2%
C Cloyes-sur-Marne 123
2%
C Cœur-de-la-Vallée 648
2%
C Courtémont 61
2%
É Élise-Daucourt 82
2%
F Favresse 222
2%
F Florent-en-Argonne 221
2%
G Gizaucourt 117
2%
G Gratreuil 23
2%
L Landricourt 140
2%
(Le) B Le Buisson 87
2%
(Le) C Le Châtelier 63
2%
(Les) C Les Charmontois 116
2%
L Lignon 121
2%
M Maffrécourt 57
2%
M Malmy 35
2%
M Merlaut 267
2%
M Moiremont 190
2%
N Norrois 154
2%
P Passavant-en-Argonne 192
2%
P Plichancourt 248
2%
P Ponthion 104
2%
R Remicourt 58
2%
R Rouvroy-Ripont 3
2%
Sᵗ Saint-Chéron 63
2%
Sᵗ Saint-Utin 74
2%
Sᵗ Saint-Vrain 224
2%
S Scrupt 125
2%
S Servon-Melzicourt 95
2%
V Vernancourt 83
2%
V Vouillers 256
2%
V Vroil 104
2%
Ste Sainte-Gemme 135
1%
V Voilemont 47
1%
Aucun quiz correspondant
Distribution des résultats
% des personnes avec chaque résultat
Percentile par nombre de réponses
Votre historique - résultats
Vous n’avez pas pris ce quiz depuis la dernière actualisation